[Event "24th Abu Dhabi Masters"]
[Site "Abu Dhabi UAE"]
[Date "2017.08.14"]
[Round "1.1"]
[White "Short, Nigel D"]
[Black "Arjun, Kalyan"]
[Result "1/2-1/2"]
[WhiteTitle "GM"]
[WhiteElo "2688"]
[BlackElo "2366"]
[WhiteFideId "400025"]
[BlackFideId "35018701"]
[EventDate "2017.08.14"]

1. c4 e5 2. d3 Nf6 3. Bg5 Be7 4. Nc3 Nc6 5. g3 h6 6. Bxf6 Bxf6 7. Bg2 O-O 8. e3
d6 9. Rb1 g6 10. b4 Bg7 11. b5 Ne7 12. Nge2 a6 13. Qa4 Ra7 14. O-O b6 15. Rfd1
a5 16. Nd5 Nxd5 17. Bxd5 Bb7 18. Rbc1 Qd7 19. Qb3 Qh3 20. Rd2 h5 21. Qd1 h4 22.
Qf1 Qxf1+ 23. Kxf1 hxg3 24. hxg3 Bf6 25. a4 Kg7 26. Kg2 Rh8 27. Rdd1 Bc8 28. Rh1
Rxh1 29. Rxh1 Bb7 30. f3 Bxd5 31. cxd5 Kf8 32. e4 Ke7 33. f4 Ra8 34. Kf3 Rh8 35.
Rxh8 Bxh8 36. Kg4 Bf6 37. Ng1 Kf8 38. Nf3 Ke7 39. Nd2 Kf8 40. Nb3 Ke7 41. Nd2
Kf8 42. Nf3 Ke7 43. Kh3 Bg7 44. Kg2 f5 45. Nh4 Kf6 46. Kf3 Bh6 47. Ng2 g5 48.
fxg5+ Kxg5 49. Ne3 fxe4+ 50. dxe4 Bg7 51. Kg2 Bf6 52. Kh2 Kh5 53. Kh3 Kg5 54.
Nf5 Kh5 55. g4+ Kg6 56. Nh4+ Kg5 57. Kg3 Kh6 58. Nf3 Kg6 59. Kh3 Be7 60. Kg2 Bf6
61. Kg3 Be7 62. Nh4+ Kg5 63. Nf3+ Kg6 64. Nh4+ Kg5 65. Ng2 Bf6 66. Ne1 Be7 67.
Nf3+ 1/2-1/2

[Event "24th Abu Dhabi Masters"]
[Site "Abu Dhabi UAE"]
[Date "2017.08.14"]
[Round "1.3"]
[White "Mamedov, Rauf"]
[Black "Jeet, Jain"]
[Result "1-0"]
[WhiteTitle "GM"]
[WhiteElo "2680"]
[BlackElo "2361"]
[WhiteFideId "13401653"]
[BlackFideId "5073022"]
[EventDate "2017.08.14"]

1. c4 e6 2. g3 d5 3. Bg2 Nf6 4. Nf3 c5 5. b3 d4 6. e3 Nc6 7. exd4 cxd4 8. O-O
Be7 9. d3 O-O 10. a3 a5 11. Re1 Ne8 12. Ne5 Nxe5 13. Rxe5 f6 14. Re1 e5 15. Nd2
Nc7 16. f4 exf4 17. gxf4 Re8 18. Ne4 f5 19. Ng5 Bxg5 20. fxg5 Ra6 21. Bd2 Rae6
22. Rxe6 Nxe6 23. Bd5 Kh8 24. Qh5 Nf8 25. Bxa5 Qd7 26. Qh4 Ng6 27. Qxd4 f4 28.
Bc3 Re5 29. Kh1 Qh3 30. Bg2 Qe3 31. Qd8+ Re8 32. Qc7 Ne7 33. Re1 Qxd3 34. Bxg7+ 1-0

[Event "24th Abu Dhabi Masters"]
[Site "Abu Dhabi UAE"]
[Date "2017.08.14"]
[Round "1.4"]
[White "Rajdeep, Sarkar"]
[Black "Korobov, Anton"]
[Result "0-1"]
[WhiteTitle "FM"]
[BlackTitle "GM"]
[WhiteElo "2360"]
[BlackElo "2668"]
[WhiteFideId "25007963"]
[BlackFideId "14105730"]
[EventDate "2017.08.14"]

1. Nf3 Nf6 2. g3 b5 3. e3 a6 4. b3 Bb7 5. c4 e5 6. cxb5 axb5 7. Bxb5 e4 8. Nd4
c5 9. Nc2 Nc6 10. Bb2 h5 11. Nba3 Bd6 12. Qe2 Ne5 13. O-O-O O-O 14. Kb1 Qa5 15.
Rhe1 c4 16. Bxc4 Rfc8 17. Bc3 Qa7 18. Bd4 Qb8 19. Bxe5 Bxe5 20. d4 exd3 21. Bxd3
Qa7 22. e4 Bd6 23. b4 Rxc2 24. Nxc2 Qxa2+ 25. Kc1 Rc8 26. Kd2 Bxb4+ 27. Ke3 Bxe1
28. Nxe1 Qe6 29. f3 Qb6+ 30. Kd2 Qa5+ 31. Ke3 Qa7+ 32. Kf4 Re8 33. Qb2 Qc5 34.
g4 Qc7+ 35. e5 Nd5+ 36. Kg3 Rxe5 37. Kf2 hxg4 38. fxg4 Qc5+ 39. Kg3 Re3+ 40. Nf3
Qc7+ 41. Kf2 Nc3 0-1

[Event "24th Abu Dhabi Masters"]
[Site "Abu Dhabi UAE"]
[Date "2017.08.14"]
[Round "1.14"]
[White "Davtyan, Artur"]
[Black "Andersen, Mads"]
[Result "0-1"]
[WhiteTitle "FM"]
[BlackTitle "GM"]
[WhiteElo "2298"]
[BlackElo "2586"]
[WhiteFideId "13308327"]
[BlackFideId "1413864"]
[EventDate "2017.08.14"]

1. d4 d5 2. c4 e6 3. Nc3 Nf6 4. Nf3 Be7 5. Bf4 O-O 6. e3 b6 7. cxd5 Nxd5 8. Nxd5
Qxd5 9. Be2 Bb4+ 10. Nd2 Bxd2+ 11. Qxd2 Qxg2 12. O-O-O Ba6 13. Rhg1 Qc6+ 14. Kb1
Bxe2 15. Qxe2 g6 16. Ka1 Rc8 17. h4 Qe8 18. h5 Nd7 19. Qf3 a5 20. Rh1 Qe7 21.
Bxc7 a4 22. a3 b5 23. d5 Qf6 24. Qxf6 0-1

[Event "24th Abu Dhabi Masters"]
[Site "Abu Dhabi UAE"]
[Date "2017.08.14"]
[Round "1.15"]
[White "Pantsulaia, Levan"]
[Black "Muthaiah, AL"]
[Result "1-0"]
[WhiteTitle "GM"]
[WhiteElo "2585"]
[BlackElo "2292"]
[WhiteFideId "13602071"]
[BlackFideId "5092442"]
[EventDate "2017.08.14"]

1. Nf3 Nf6 2. g3 g6 3. b3 Bg7 4. Bb2 b6 5. Bg2 Bb7 6. d4 O-O 7. c4 c5 8. dxc5
bxc5 9. O-O d6 10. Nc3 Ne4 11. Qc2 Nxc3 12. Bxc3 Nd7 13. Bxg7 Kxg7 14. Qc3+ Kg8
15. Ne1 Bxg2 16. Nxg2 a5 17. Ne3 Nf6 18. f3 a4 19. Rfb1 Qc7 20. b4 cxb4 21. Rxb4
d5 22. Rab1 Rfc8 23. Qd4 e5 24. Qh4 Qc5 25. Kf2 Qd6 26. Rb6 Rc6 27. Rxc6 Qxc6
28. cxd5 Nxd5 29. Qe4 Ne7 30. Qxe5 Qd7 31. Ng4 Qa7+ 32. e3 Nf5 33. Nf6+ Kg7 34.
Nd5+ Kg8 35. g4 Ng7 36. h4 h6 37. h5 1-0

[Event "24th Abu Dhabi Masters"]
[Site "Abu Dhabi UAE"]
[Date "2017.08.14"]
[Round "1.16"]
[White "Ashwath, R."]
[Black "Indjic, Aleksandar"]
[Result "0-1"]
[BlackTitle "GM"]
[WhiteElo "2290"]
[BlackElo "2581"]
[WhiteFideId "5021049"]
[BlackFideId "911925"]
[EventDate "2017.08.14"]

1. d4 d6 2. Nf3 g6 3. c4 Bg7 4. Nc3 c5 5. d5 Nf6 6. g3 O-O 7. Bg2 e6 8. O-O exd5
9. cxd5 Re8 10. Nd2 Nbd7 11. Nc4 Ne5 12. Nxe5 Rxe5 13. Bf4 Re8 14. Nb5 Bf8 15.
a4 a6 16. Na3 Bg4 17. Re1 b5 18. axb5 axb5 19. Nxb5 Rxa1 20. Qxa1 Bxe2 21. Na7
Bc4 22. Rxe8 Qxe8 23. Qd1 Qd7 24. Nc6 Qf5 25. Bh6 Bxd5 26. Bxf8 Kxf8 27. b4 Ne4
28. f3 Nc3 29. Qe1 Bxc6 30. Qxc3 Qb1+ 31. Kf2 Qxb4 0-1

[Event "24th Abu Dhabi Masters"]
[Site "Abu Dhabi UAE"]
[Date "2017.08.14"]
[Round "1.17"]
[White "Paichadze, Luka"]
[Black "Prieto Aranguren, Alain"]
[Result "1-0"]
[WhiteTitle "GM"]
[WhiteElo "2581"]
[BlackElo "2286"]
[WhiteFideId "13602934"]
[BlackFideId "2268906"]
[EventDate "2017.08.14"]

1. e4 c6 2. Nc3 d5 3. Nf3 Bg4 4. h3 Bh5 5. exd5 cxd5 6. Bb5+ Nc6 7. g4 Bg6 8.
Ne5 Rc8 9. h4 f6 10. Nxg6 hxg6 11. d4 e6 12. Qd3 Kf7 13. Bxc6 bxc6 14. Be3 Qa5
15. h5 gxh5 16. Rxh5 Rxh5 17. gxh5 Ne7 18. h6 Nf5 19. hxg7 Bb4 20. Bd2 Rg8 21.
O-O-O Bxc3 22. Bxc3 Qxa2 23. Re1 Qc4 24. Qh3 Nxg7 25. Qh2 Ne8 26. Qh5+ Kf8 27.
Rxe6 Rg1+ 28. Kd2 Ng7 29. Rxf6+ Kg8 30. Qf7+ Kh7 31. Rf4 Rg6 32. Rh4+ Rh6 33.
Rg4 1-0

[Event "24th Abu Dhabi Masters"]
[Site "Abu Dhabi UAE"]
[Date "2017.08.14"]
[Round "1.18"]
[White "Teh, Eu Wen Aron"]
[Black "Fier, Alexandr"]
[Result "0-1"]
[WhiteTitle "FM"]
[BlackTitle "GM"]
[WhiteElo "2276"]
[BlackElo "2579"]
[WhiteFideId "5704723"]
[BlackFideId "2107139"]
[EventDate "2017.08.14"]

1. d4 Nf6 2. c4 g6 3. Nc3 d5 4. cxd5 Nxd5 5. e4 Nxc3 6. bxc3 Bg7 7. Nf3 c5 8.
Rb1 O-O 9. Be2 b6 10. O-O Qc7 11. g3 Nc6 12. d5 Ne5 13. Nxe5 Qxe5 14. Bd3 c4 15.
Bf4 Qxc3 16. Be2 Bh3 17. Re1 Rac8 18. Qc1 Qa5 19. g4 c3 20. Rb5 Qa4 21. f3 c2
22. Kf2 Bc3 23. Kg3 Bxe1+ 24. Qxe1 Bxg4 25. Kxg4 f5+ 26. Kg3 fxe4 27. Bc1 exf3
28. Bf1 Qd4 29. Bh3 f2 30. Be6+ Kh8 0-1

[Event "24th Abu Dhabi Masters"]
[Site "Abu Dhabi UAE"]
[Date "2017.08.14"]
[Round "1.20"]
[White "Eynullayev, Altay"]
[Black "Rozum, Ivan"]
[Result "0-1"]
[WhiteTitle "FM"]
[BlackTitle "GM"]
[WhiteElo "2255"]
[BlackElo "2579"]
[WhiteFideId "13413562"]
[BlackFideId "24104272"]
[EventDate "2017.08.14"]

1. e4 c5 2. Nf3 e6 3. b3 b6 4. Bd3 Bb7 5. O-O d6 6. Bb2 Nd7 7. Re1 Ngf6 8. e5
dxe5 9. Nxe5 Nxe5 10. Bxe5 Bd6 11. Bb5+ Ke7 12. Qe2 Bxe5 13. Qxe5 Qb8 14. Nc3
Qxe5 15. Rxe5 Rhd8 16. Bd3 g6 17. f3 Nh5 18. Rd1 Nf4 19. Be4 Rab8 20. Bxb7 Rxb7
21. g3 Nh5 22. Kf2 Ng7 23. f4 Nf5 24. d3 h6 25. Re4 g5 26. Ne2 Nd4 27. Nxd4 cxd4
28. f5 Rc7 29. Rd2 Rd5 30. g4 Kd6 31. fxe6 fxe6 32. Rde2 e5 33. Ke1 Rdc5 34. Kd1
Rf7 35. a4 Rf1+ 36. Re1 Rf3 37. R1e2 a6 38. Kd2 Rd5 39. Kd1 Ke6 40. Kd2 Kf6 41.
Kd1 a5 42. Kd2 Rc5 43. Kd1 Rf4 44. Kd2 Rf1 45. Re1 Rf2+ 46. R1e2 Rf3 47. Re1 Rd5
48. R1e2 Ke6 49. Kd1 Kd6 50. Kd2 Rc5 51. Re1 b5 52. axb5 Rxb5 53. R1e2 Rc5 54.
Re1 Rf7 55. R1e2 Rd5 56. Re1 Ke6 57. R1e2 Rf3 58. Re1 Kf6 59. R1e2 Rc5 60. Re1
Rf4 61. R1e2 Ke6 62. Re1 Rxe4 63. Rxe4 Rc7 64. Re2 Rf7 65. c3 Rf4 66. cxd4 Rxd4
67. Re4 Kd6 68. Kc3 Kd5 69. Re3 Rxg4 70. Rh3 Rh4 71. Rxh4 gxh4 72. Kc2 Kd4 73.
Kd2 h3 74. Kc2 Ke3 75. Kc3 Kf3 0-1

[Event "24th Abu Dhabi Masters"]
[Site "Abu Dhabi UAE"]
[Date "2017.08.14"]
[Round "1.21"]
[White "Ter-Sahakyan, Samvel"]
[Black "Shailesh, Dravid"]
[Result "1-0"]
[WhiteTitle "GM"]
[WhiteElo "2577"]
[BlackElo "2254"]
[WhiteFideId "13302531"]
[BlackFideId "25017969"]
[EventDate "2017.08.14"]

1. e4 e6 2. d4 d5 3. Nc3 Nf6 4. e5 Nfd7 5. f4 c5 6. Nf3 Be7 7. Be3 O-O 8. Qd2 b6
9. h4 cxd4 10. Nxd4 Bb7 11. O-O-O Nc6 12. h5 Nc5 13. g4 a6 14. Nxc6 Bxc6 15. Bd4
b5 16. Qe3 Nd7 17. g5 b4 18. Ne2 Qa5 19. Kb1 Nc5 20. Nc1 Qc7 21. g6 Ne4 22. h6
fxg6 23. hxg7 Kxg7 24. f5 Bg5 25. Qh3 h6 26. f6+ Kf7 27. Bd3 Rac8 28. Nb3 a5 29.
Rdg1 Rh8 30. Bxe4 dxe4 31. Rxg5 hxg5 32. Qxh8 Rxh8 33. Rxh8 Bd7 34. Bc5 1-0

[Event "24th Abu Dhabi Masters"]
[Site "Abu Dhabi UAE"]
[Date "2017.08.14"]
[Round "1.22"]
[White "Gurpreet, Singh Maras"]
[Black "Deac, Bogdan-Daniel"]
[Result "0-1"]
[BlackTitle "GM"]
[WhiteElo "2247"]
[BlackElo "2573"]
[WhiteFideId "5014433"]
[BlackFideId "1226380"]
[EventDate "2017.08.14"]

1. d4 Nf6 2. Bf4 d5 3. e3 c5 4. c3 Nc6 5. Nd2 e6 6. Ngf3 cxd4 7. exd4 Nh5 8. Bg3
g6 9. Bb5 Bd7 10. Bxc6 bxc6 11. b4 f6 12. Nb3 Bc8 13. O-O Nxg3 14. fxg3 Bd6 15.
Nc5 O-O 16. Qd2 a5 17. Rae1 Re8 18. Rf2 axb4 19. cxb4 Ra7 20. Qh6 Qb6 21. Qd2 e5
22. Nh4 Qd8 23. Ref1 e4 24. Rxf6 e3 25. Qe1 e2 26. R1f3 Rxa2 27. Kf2 Bg4 28.
R3f4 Qe7 0-1

[Event "24th Abu Dhabi Masters"]
[Site "Abu Dhabi UAE"]
[Date "2017.08.14"]
[Round "1.23"]
[White "Stupak, Kirill"]
[Black "Hari, Madhavan N B"]
[Result "1-0"]
[WhiteTitle "GM"]
[WhiteElo "2573"]
[BlackElo "2246"]
[WhiteFideId "13503758"]
[BlackFideId "25054309"]
[EventDate "2017.08.14"]

1. c4 Nf6 2. g3 c6 3. Bg2 d5 4. Nf3 h6 5. O-O Bf5 6. d4 e6 7. Nc3 Nbd7 8. Qb3
Qb6 9. c5 Qxb3 10. axb3 a6 11. b4 Rd8 12. h3 Ne4 13. g4 Bh7 14. Bf4 Be7 15. e3
O-O 16. Nxe4 dxe4 17. Nd2 f5 18. gxf5 exf5 19. f3 Nf6 20. fxe4 fxe4 21. Bc7 Rd7
22. Be5 Nd5 23. Rxf8+ Bxf8 24. Kf2 Nxb4 25. Ke2 Nd3 26. Bg3 Nb4 27. Bxe4 Bxe4
28. Nxe4 Re7 29. Be5 Nd5 30. Nd6 Rd7 31. Nc4 Be7 32. Ra3 b5 33. Na5 Nb4 34. e4
Nc2 35. Rc3 Nxd4+ 36. Bxd4 Rxd4 37. Nxc6 Rxe4+ 38. Kd3 Re1 39. Nxe7+ Rxe7 40. c6
Rc7 41. Kd4 b4 42. Rc4 a5 43. Kc5 a4 44. Rxb4 1-0

[Event "24th Abu Dhabi Masters"]
[Site "Abu Dhabi UAE"]
[Date "2017.08.14"]
[Round "1.24"]
[White "Patil, Pratik"]
[Black "Idani, Pouya"]
[Result "0-1"]
[BlackTitle "GM"]
[WhiteElo "2246"]
[BlackElo "2569"]
[WhiteFideId "5038758"]
[BlackFideId "12510130"]
[EventDate "2017.08.14"]

1. e4 e5 2. Nf3 Nc6 3. Bb5 a6 4. Ba4 Nf6 5. d3 d6 6. c3 g6 7. O-O Bg7 8. Re1 O-O
9. Bg5 h6 10. Bh4 b5 11. Bc2 g5 12. Bg3 Nh7 13. a4 Rb8 14. axb5 axb5 15. Nfd2
Kh8 16. Nf1 f5 17. exf5 Bxf5 18. Ne3 Bg6 19. d4 Bxc2 20. Qxc2 exd4 21. Nf5 Qd7
22. Nxg7 Qxg7 23. Ra6 Ne7 24. cxd4 Nf5 25. d5 Rbe8 26. Rxe8 Rxe8 27. Kf1 Qf7 28.
Qd3 Qe7 29. Qd2 Qe4 30. Nc3 Qc4+ 31. Ne2 Nf6 32. Rc6 Qxd5 33. Qxd5 Nxd5 34. Nc3
Nfe7 35. Ra6 Nxc3 36. bxc3 Nd5 37. Rc6 Re4 38. f3 Ra4 39. Bf2 Kg8 0-1

[Event "24th Abu Dhabi Masters"]
[Site "Abu Dhabi UAE"]
[Date "2017.08.14"]
[Round "1.25"]
[White "Gabuzyan, Hovhannes"]
[Black "Chifor, Ovidiu-Emanuel"]
[Result "1-0"]
[WhiteTitle "GM"]
[WhiteElo "2566"]
[BlackElo "2245"]
[WhiteFideId "13303732"]
[BlackFideId "1215400"]
[EventDate "2017.08.14"]

1. Nf3 Nf6 2. g3 g6 3. Bg2 Bg7 4. c4 O-O 5. Nc3 d6 6. d4 Nbd7 7. O-O e5 8. e4
exd4 9. Nxd4 Re8 10. Qc2 Nxe4 11. Nxe4 Bxd4 12. Bg5 f6 13. Rad1 fxg5 14. Rxd4
Qe7 15. Re1 Nf8 16. Re3 Bf5 17. Qc3 Qg7 18. Nxg5 h6 19. Bd5+ Kh8 20. Nf7+ Kh7
21. Nxh6 Be6 22. Qd2 Bxd5 23. Rh4 Qd7 24. Ng4+ Kg7 25. Qd4+ 1-0

[Event "24th Abu Dhabi Masters"]
[Site "Abu Dhabi UAE"]
[Date "2017.08.14"]
[Round "1.26"]
[White "Stegariu, Vlad-Ionut"]
[Black "Wagner, Dennis"]
[Result "0-1"]
[BlackTitle "GM"]
[WhiteElo "2244"]
[BlackElo "2563"]
[WhiteFideId "1217860"]
[BlackFideId "24650684"]
[EventDate "2017.08.14"]

1. e4 e5 2. Nf3 Nc6 3. Bc4 Bc5 4. O-O Nf6 5. d3 h6 6. c3 d6 7. Bb3 O-O 8. Nbd2
a5 9. h3 Bd7 10. Re1 a4 11. Bxa4 Rxa4 12. Qxa4 Nb4 13. Qd1 Nxd3 14. Rf1 Ba7 15.
Qc2 Nxc1 16. Rfxc1 Nh5 17. c4 Nf4 18. b4 Ne2+ 19. Kf1 Nxc1 20. Rxc1 f5 21. c5
fxe4 22. Qxe4 Bc6 23. Qc4+ Kh8 24. Kg1 Rf4 25. Qb3 Qf8 26. Rc4 e4 27. Qe3 d5 28.
Ne5 Be8 29. Rc3 c6 30. g3 Rf5 31. f4 Bb8 32. Ra3 Bxe5 33. fxe5 Bd7 34. g4 Rxe5
35. Ra7 Qb8 36. Qa3 Re8 37. Nf1 e3 0-1

[Event "24th Abu Dhabi Masters"]
[Site "Abu Dhabi UAE"]
[Date "2017.08.14"]
[Round "1.27"]
[White "Bernadskiy, Vitaliy"]
[Black "Manafov, Vugar"]
[Result "1-0"]
[WhiteTitle "GM"]
[WhiteElo "2562"]
[BlackElo "2240"]
[WhiteFideId "14100371"]
[BlackFideId "13410814"]
[EventDate "2017.08.14"]

1. d4 d5 2. c4 e6 3. Nf3 Nf6 4. Bg5 Be7 5. Nbd2 h6 6. Bh4 O-O 7. e3 Nbd7 8. Bd3
dxc4 9. Nxc4 c5 10. O-O b6 11. Bg3 Ba6 12. Rc1 cxd4 13. Nxd4 Nc5 14. Be2 Rc8 15.
Ne5 Bxe2 16. Qxe2 Nfe4 17. b4 Nxg3 18. hxg3 Ne4 19. Ndc6 Qe8 20. Qc2 Nd6 21.
Rfd1 Kh8 22. Qd3 Kg8 23. Nxe7+ Qxe7 24. Nc6 Rxc6 25. Rxc6 Ne8 26. Rc8 Qxb4 27.
a3 Qg4 28. Qb1 Nf6 29. Rdd8 Nh7 30. Qd3 e5 31. Rxf8+ Nxf8 32. Rxf8+ 1-0

[Event "24th Abu Dhabi Masters"]
[Site "Abu Dhabi UAE"]
[Date "2017.08.14"]
[Round "1.28"]
[White "Vantika, Agrawal"]
[Black "Batchuluun, Tsegmed"]
[Result "0-1"]
[BlackTitle "GM"]
[WhiteElo "2238"]
[BlackElo "2555"]
[WhiteFideId "25050389"]
[BlackFideId "4900847"]
[EventDate "2017.08.14"]

1. d4 Nf6 2. Nf3 e6 3. c4 d5 4. g3 Bb4+ 5. Bd2 Be7 6. Bg2 O-O 7. O-O Nbd7 8. Qc2
Ne4 9. Bf4 c6 10. Nfd2 g5 11. Be3 Nd6 12. cxd5 exd5 13. Nc3 f5 14. Nf3 Nb6 15.
Qc1 h6 16. b3 Be6 17. Ne5 Kg7 18. Bf3 Nf7 19. Nd3 Bd6 20. Nc5 Qe7 21. N3a4 Nxa4
22. bxa4 Rae8 23. Rb1 Bc8 24. Kh1 Qc7 25. Bh5 Re7 26. Bd2 Kh8 27. Qc2 Nd8 28.
Nd3 Ne6 29. Bc3 Kg8 30. Bf3 Rh7 31. Qd2 h5 32. Ne5 g4 33. Bg2 h4 34. Kg1 Qg7 35.
f4 gxf3 36. Rxf3 Ng5 37. Rd3 hxg3 38. hxg3 f4 39. Rf1 Ne4 40. Qe1 Qh6 41. Rxf4
Qh2+ 42. Kf1 Bh3 43. Rxf8+ Bxf8 0-1

[Event "24th Abu Dhabi Masters"]
[Site "Abu Dhabi UAE"]
[Date "2017.08.14"]
[Round "1.29"]
[White "Ghaem Maghami, Ehsan"]
[Black "Aditya, Mittal"]
[Result "1-0"]
[WhiteTitle "GM"]
[BlackTitle "CM"]
[WhiteElo "2540"]
[BlackElo "2236"]
[WhiteFideId "12500739"]
[BlackFideId "35042025"]
[EventDate "2017.08.14"]

1. Nf3 d5 2. d4 Nf6 3. c4 c6 4. e3 Bg4 5. Nc3 e6 6. h3 Bh5 7. g4 Bg6 8. Ne5 dxc4
9. Bxc4 Nbd7 10. Nxg6 hxg6 11. Qf3 Nd5 12. Bd2 Qb6 13. Bb3 Nxc3 14. bxc3 Qa6 15.
h4 Be7 16. g5 c5 17. e4 cxd4 18. cxd4 Qb6 19. Be3 Qb5 20. Qe2 Bb4+ 21. Kf1 Qxe2+
22. Kxe2 Ke7 23. Rac1 Rac8 24. Rxc8 Rxc8 25. h5 gxh5 26. Rxh5 g6 27. Rh7 Nb6 28.
d5 exd5 29. Bxb6 axb6 30. Bxd5 Rf8 31. f4 Ke8 32. e5 Ke7 33. Ke3 Ba3 34. Ke4 Bc1
35. Bxb7 b5 36. Bc6 b4 37. Bd5 Bd2 38. f5 Bxg5 39. fxg6 Bc1 40. Bxf7 Rd8 41.
Bd5+ Ke8 42. g7 1-0

[Event "24th Abu Dhabi Masters"]
[Site "Abu Dhabi UAE"]
[Date "2017.08.14"]
[Round "1.30"]
[White "Dileep, Kumar R"]
[Black "Mekhitarian, Krikor Sevag"]
[Result "0-1"]
[BlackTitle "GM"]
[WhiteElo "2234"]
[BlackElo "2534"]
[WhiteFideId "25014927"]
[BlackFideId "2107660"]
[EventDate "2017.08.14"]

1. e4 e5 2. Nf3 Nc6 3. Bb5 a6 4. Ba4 Nf6 5. O-O Be7 6. Re1 b5 7. Bb3 O-O 8. a4
b4 9. a5 d6 10. d3 Be6 11. Nbd2 Rb8 12. Bc4 Qc8 13. c3 bxc3 14. bxc3 d5 15. exd5
Nxd5 16. Qc2 Rd8 17. Ne4 h6 18. Qa4 Qb7 19. Ba3 Bd6 20. Nfd2 Nf4 21. Bxe6 Nxe6
22. Rab1 Qa8 23. Rxb8 Nxb8 24. Nxd6 cxd6 25. Ne4 Nf4 26. g3 Nxd3 27. Re3 Nc5 28.
Nxc5 dxc5 29. Rxe5 Nd7 30. Re7 Nf6 31. Bxc5 Nd5 32. Re1 Nxc3 33. Qg4 Nb5 34. Bb6
Re8 35. Rxe8+ Qxe8 36. Qf3 Qc8 37. Kg2 Nd6 38. Qd3 Qc6+ 39. Kg1 Nc4 40. Qd8+ Kh7
41. Qd3+ g6 42. Qd4 Qb5 43. Qf4 Ne5 44. Bd4 Qb1+ 45. Kg2 Qb7+ 46. f3 Nc6 47. Qf6
Nxd4 48. Qxd4 Qb5 49. Qd2 h5 50. h4 Qc4 51. Kf2 Kg7 52. Qb2+ Kf8 53. Qd2 Ke7 54.
Qe3+ Kd6 55. Qb6+ Kd5 56. Kg2 Qe2+ 57. Kh3 Qe6+ 58. Qxe6+ Kxe6 59. g4 f5 60. Kg3
Ke5 61. gxf5 gxf5 62. Kg2 f4 63. Kf2 Kd4 64. Ke2 Kc3 65. Ke1 Kd3 66. Kf2 Kd2 67.
Kf1 Ke3 68. Kg2 Ke2 0-1

[Event "24th Abu Dhabi Masters"]
[Site "Abu Dhabi UAE"]
[Date "2017.08.14"]
[Round "1.31"]
[White "Harika, Dronavalli"]
[Black "Mithil, Ajgaonkar"]
[Result "1-0"]
[WhiteTitle "GM"]
[WhiteElo "2526"]
[BlackElo "2224"]
[WhiteFideId "5015197"]
[BlackFideId "5017343"]
[EventDate "2017.08.14"]

1. c4 c6 2. Nf3 d5 3. e3 Nf6 4. d4 Bf5 5. Nc3 e6 6. Nh4 Bg4 7. Qb3 Qb6 8. h3 Bh5
9. g4 Bg6 10. Nxg6 hxg6 11. g5 Ng8 12. c5 Qc7 13. e4 Nd7 14. exd5 exd5 15. Ne2
Ne7 16. Bf4 Qa5+ 17. Bd2 Qc7 18. h4 Nf5 19. O-O-O b6 20. Bf4 Qb7 21. Ng3 Be7 22.
Nxf5 gxf5 23. Re1 Nf8 24. Bd3 g6 25. Be5 Rh5 26. f4 O-O-O 27. Qd1 bxc5 28. Bxf5+
Nd7 29. Bg4 Rh7 30. dxc5 Bxc5 31. Qc2 Qb6 32. Rh3 Bd4 33. Rb3 Qc5 34. Rb8# 1-0

[Event "24th Abu Dhabi Masters"]
[Site "Abu Dhabi UAE"]
[Date "2017.08.14"]
[Round "1.32"]
[White "Kumar, Gaurav"]
[Black "Sviridov, Valery"]
[Result "1/2-1/2"]
[WhiteElo "2210"]
[BlackElo "2519"]
[WhiteFideId "5085578"]
[BlackFideId "4120680"]
[EventDate "2017.08.14"]

1. e4 Nf6 2. e5 Nd5 3. d4 d6 4. Nf3 dxe5 5. Nxe5 c6 6. Nd2 g6 7. Ndf3 Bg7 8. h4
f6 9. Nc4 Bg4 10. Ne3 Nxe3 11. Bxe3 Qb6 12. b3 Nd7 13. Qd2 Bxf3 14. gxf3 f5 15.
O-O-O O-O-O 16. Bc4 c5 17. Qc3 f4 18. Bxf4 cxd4 19. Qe1 Qc5 20. Kb1 Rhf8 21. Qe4
e5 22. Bg3 Rde8 23. c3 Nf6 24. Qc2 dxc3 25. Qxc3 Kb8 26. Rhe1 Nh5 27. Rd5 Qc7
28. Bxe5 Rxe5 29. Rdxe5 Rd8 30. Qe3 Bxe5 31. Qxe5 Rd1+ 32. Kc2 Rxe1 33. Qxe1 a6
34. a4 Nf4 35. Qe8+ Ka7 36. Qe3+ Kb8 37. Qe8+ Ka7 38. Qe3+ Kb8 39. Qe8+ Ka7 40.
Qe3+ Kb8 1/2-1/2

[Event "24th Abu Dhabi Masters"]
[Site "Abu Dhabi UAE"]
[Date "2017.08.14"]
[Round "1.34"]
[White "Kulkarni, Vinayak"]
[Black "Golubov, Saveliy"]
[Result "0-1"]
[BlackTitle "IM"]
[WhiteElo "2204"]
[BlackElo "2512"]
[WhiteFideId "5021332"]
[BlackFideId "24176729"]
[EventDate "2017.08.14"]

1. d4 Nf6 2. c4 g6 3. Nc3 Bg7 4. e4 d6 5. Nf3 O-O 6. Be2 e5 7. O-O Na6 8. Be3
Ng4 9. Bg5 Qe8 10. dxe5 dxe5 11. Qc1 h6 12. Bh4 f5 13. h3 Nf6 14. exf5 gxf5 15.
Qe3 Nd7 16. Rfe1 c6 17. Bf1 Nc7 18. Rad1 Ne6 19. Rd6 e4 20. Nxe4 fxe4 21. Qxe4
Ndc5 22. Qe3 a5 23. Ne5 Qh5 24. Bg3 Qg5 25. Qa3 Rd8 26. Nf3 Qh5 27. b4 Na6 28.
b5 Nac5 29. Rxd8+ Nxd8 30. Be5 Bf8 31. Qc3 Nf7 32. Bg3 Bf5 33. Ne5 Ne4 34. Qe3
Bc5 35. Qf4 Nxe5 36. Qxe5 Re8 37. Qc7 Qf7 38. Qf4 Bh7 39. Kh2 Qxf4 40. Bxf4 Bxf2
41. Rd1 Bf5 42. Bxh6 Bg3+ 43. Kg1 Nc3 44. Rd2 Re1 0-1

[Event "24th Abu Dhabi Masters"]
[Site "Abu Dhabi UAE"]
[Date "2017.08.14"]
[Round "1.35"]
[White "Aryan, Chopra"]
[Black "Abhilash, Reddy M.L."]
[Result "1-0"]
[WhiteTitle "GM"]
[WhiteElo "2507"]
[BlackElo "2188"]
[WhiteFideId "5084423"]
[BlackFideId "5024668"]
[EventDate "2017.08.14"]

1. e4 c5 2. Nf3 d6 3. d4 cxd4 4. Nxd4 Nf6 5. Nc3 g6 6. Be3 Bg7 7. f3 Nc6 8. Qd2
O-O 9. g4 Be6 10. Nxe6 fxe6 11. O-O-O Ne5 12. Be2 Rc8 13. Nb5 a6 14. Nd4 Qd7 15.
Kb1 Nc4 16. Bxc4 Rxc4 17. h4 e5 18. Ne2 Qe6 19. h5 Rf7 20. Ng3 Ne8 21. hxg6 hxg6
22. Qh2 Kf8 23. Qh7 Qf6 24. Rdf1 e6 25. g5 Qd8 26. Qxg6 Qc8 27. Nh5 Ke7 28. Qh7 1-0

[Event "24th Abu Dhabi Masters"]
[Site "Abu Dhabi UAE"]
[Date "2017.08.14"]
[Round "1.37"]
[White "Puranik, Abhimanyu"]
[Black "Pratyusha, Bodda"]
[Result "1-0"]
[WhiteTitle "IM"]
[BlackTitle "WIM"]
[WhiteElo "2495"]
[BlackElo "2171"]
[WhiteFideId "5061245"]
[BlackFideId "5000629"]
[EventDate "2017.08.14"]

1. b3 e5 2. Bb2 Nc6 3. e3 Nf6 4. Bb5 Bd6 5. Na3 e4 6. Nc4 Be7 7. Bxc6 dxc6 8.
Ne2 O-O 9. O-O a5 10. a4 Be6 11. Ng3 Re8 12. f3 exf3 13. Qxf3 Qd5 14. e4 Qg5 15.
Ne3 Rad8 16. Ngf5 Bf8 17. d3 Bxf5 18. Nxf5 Re6 19. Rae1 Rd7 20. Kh1 c5 21. Qh3
g6 22. Bxf6 Rxf6 23. Nh6+ Qxh6 24. Qxd7 Rxf1+ 25. Rxf1 Qg7 26. Qxc7 1-0